| 000 | 00505nam a22001817a 4500 | ||
|---|---|---|---|
| 999 |
_c12044 _d12044 |
||
| 008 | 220228b ||||| |||| 00| 0 eng d | ||
| 020 | _a9789353387273 | ||
| 082 |
_a519.5 _bSHA |
||
| 100 | _aSharma, J. K. | ||
| 245 | _aBusiness statistics | ||
| 250 | _a5th Ed. | ||
| 260 |
_aNew Delhi _bVikas publishing house pvt. ltd. _c2022 |
||
| 300 | _axx, 759p. | ||
| 650 | _aCommercial statistics | ||
| 650 | _aSocial sciences--Statistical methods | ||
| 650 | _aManagement--Statistical methods | ||
| 942 | _cBK | ||